<?xml version="1.0" encoding="UTF-8"?>
<collection xmlns="http://www.loc.gov/MARC21/slim">
 <record>
  <leader>04219cam a2200685  b4500</leader>
  <controlfield tag="001">1071184512</controlfield>
  <controlfield tag="003">DE-627</controlfield>
  <controlfield tag="005">20240331184211.0</controlfield>
  <controlfield tag="007">tu</controlfield>
  <controlfield tag="008">850101s1959    xx |||||      00| ||fre c</controlfield>
  <datafield tag="035" ind1=" " ind2=" ">
   <subfield code="a">(DE-627)1071184512</subfield>
  </datafield>
  <datafield tag="035" ind1=" " ind2=" ">
   <subfield code="a">(DE-576)001184512</subfield>
  </datafield>
  <datafield tag="035" ind1=" " ind2=" ">
   <subfield code="a">(DE-599)BSZ001184512</subfield>
  </datafield>
  <datafield tag="035" ind1=" " ind2=" ">
   <subfield code="a">(OCoLC)03180648</subfield>
  </datafield>
  <datafield tag="035" ind1=" " ind2=" ">
   <subfield code="a">(OCoLC)603459738</subfield>
  </datafield>
  <datafield tag="035" ind1=" " ind2=" ">
   <subfield code="a">(DE-604)8053770056</subfield>
  </datafield>
  <datafield tag="040" ind1=" " ind2=" ">
   <subfield code="a">DE-627</subfield>
   <subfield code="b">ger</subfield>
   <subfield code="c">DE-627</subfield>
   <subfield code="e">rakwb</subfield>
  </datafield>
  <datafield tag="041" ind1=" " ind2=" ">
   <subfield code="a">fre</subfield>
  </datafield>
  <datafield tag="082" ind1="0" ind2=" ">
   <subfield code="a">748.594</subfield>
  </datafield>
  <datafield tag="084" ind1=" " ind2=" ">
   <subfield code="a">9,10</subfield>
   <subfield code="2">ssgn</subfield>
  </datafield>
  <datafield tag="084" ind1=" " ind2=" ">
   <subfield code="a">LH 74000</subfield>
   <subfield code="2">rvk</subfield>
   <subfield code="0">(DE-625)rvk/94940:</subfield>
  </datafield>
  <datafield tag="084" ind1=" " ind2=" ">
   <subfield code="a">LM 88000</subfield>
   <subfield code="2">rvk</subfield>
   <subfield code="0">(DE-625)rvk/101631:</subfield>
  </datafield>
  <datafield tag="245" ind1="1" ind2="4">
   <subfield code="a">Les vitraux de Notre-Dame et de La Sainte-Chapelle de Paris</subfield>
   <subfield code="c">par Marcel Aubert ...</subfield>
  </datafield>
  <datafield tag="264" ind1=" " ind2="1">
   <subfield code="a">Paris</subfield>
   <subfield code="b">Caisse Nat.des Monuments Historiques</subfield>
   <subfield code="c">1959</subfield>
  </datafield>
  <datafield tag="300" ind1=" " ind2=" ">
   <subfield code="a">357 S.</subfield>
   <subfield code="b">zahlr. Ill.</subfield>
  </datafield>
  <datafield tag="336" ind1=" " ind2=" ">
   <subfield code="a">Text</subfield>
   <subfield code="b">txt</subfield>
   <subfield code="2">rdacontent</subfield>
  </datafield>
  <datafield tag="337" ind1=" " ind2=" ">
   <subfield code="a">ohne Hilfsmittel zu benutzen</subfield>
   <subfield code="b">n</subfield>
   <subfield code="2">rdamedia</subfield>
  </datafield>
  <datafield tag="338" ind1=" " ind2=" ">
   <subfield code="a">Band</subfield>
   <subfield code="b">nc</subfield>
   <subfield code="2">rdacarrier</subfield>
  </datafield>
  <datafield tag="490" ind1="1" ind2=" ">
   <subfield code="a">Corpus vitrearum Medii Aevi - France</subfield>
   <subfield code="a">Vol. 1. Départment de la Seine</subfield>
   <subfield code="v">1</subfield>
  </datafield>
  <datafield tag="583" ind1="1" ind2=" ">
   <subfield code="a">Archivierung/Langzeitarchivierung gewährleistet</subfield>
   <subfield code="f">SSG</subfield>
   <subfield code="x">XA-DE-BW</subfield>
   <subfield code="2">pdager</subfield>
   <subfield code="5">DE-16</subfield>
  </datafield>
  <datafield tag="655" ind1=" " ind2="7">
   <subfield code="a">Inventar</subfield>
   <subfield code="0">(DE-588)4027540-1</subfield>
   <subfield code="0">(DE-627)106284274</subfield>
   <subfield code="0">(DE-576)208971270</subfield>
   <subfield code="2">gnd-content</subfield>
  </datafield>
  <datafield tag="689" ind1="0" ind2="0">
   <subfield code="d">g</subfield>
   <subfield code="0">(DE-588)4389954-7</subfield>
   <subfield code="0">(DE-627)189994452</subfield>
   <subfield code="0">(DE-576)211934909</subfield>
   <subfield code="a">Sainte-Chapelle</subfield>
   <subfield code="g">Paris</subfield>
   <subfield code="2">gnd</subfield>
  </datafield>
  <datafield tag="689" ind1="0" ind2="1">
   <subfield code="d">s</subfield>
   <subfield code="0">(DE-588)4021177-0</subfield>
   <subfield code="0">(DE-627)106315099</subfield>
   <subfield code="0">(DE-576)208936653</subfield>
   <subfield code="a">Glasmalerei</subfield>
   <subfield code="2">gnd</subfield>
  </datafield>
  <datafield tag="689" ind1="0" ind2=" ">
   <subfield code="5">(DE-627)</subfield>
  </datafield>
  <datafield tag="689" ind1="1" ind2="0">
   <subfield code="d">g</subfield>
   <subfield code="0">(DE-588)4075869-2</subfield>
   <subfield code="0">(DE-627)10608464X</subfield>
   <subfield code="0">(DE-576)209199857</subfield>
   <subfield code="a">Notre-Dame</subfield>
   <subfield code="g">Paris</subfield>
   <subfield code="2">gnd</subfield>
  </datafield>
  <datafield tag="689" ind1="1" ind2="1">
   <subfield code="d">s</subfield>
   <subfield code="0">(DE-588)4021177-0</subfield>
   <subfield code="0">(DE-627)106315099</subfield>
   <subfield code="0">(DE-576)208936653</subfield>
   <subfield code="a">Glasmalerei</subfield>
   <subfield code="2">gnd</subfield>
  </datafield>
  <datafield tag="689" ind1="1" ind2=" ">
   <subfield code="5">(DE-627)</subfield>
  </datafield>
  <datafield tag="689" ind1="2" ind2="0">
   <subfield code="d">g</subfield>
   <subfield code="0">(DE-588)4018145-5</subfield>
   <subfield code="0">(DE-627)106327232</subfield>
   <subfield code="0">(DE-576)208922857</subfield>
   <subfield code="a">Frankreich</subfield>
   <subfield code="2">gnd</subfield>
  </datafield>
  <datafield tag="689" ind1="2" ind2="1">
   <subfield code="d">s</subfield>
   <subfield code="0">(DE-588)4021177-0</subfield>
   <subfield code="0">(DE-627)106315099</subfield>
   <subfield code="0">(DE-576)208936653</subfield>
   <subfield code="a">Glasmalerei</subfield>
   <subfield code="2">gnd</subfield>
  </datafield>
  <datafield tag="689" ind1="2" ind2="2">
   <subfield code="a">z</subfield>
   <subfield code="2">gnd</subfield>
   <subfield code="a">Geschichte</subfield>
  </datafield>
  <datafield tag="689" ind1="2" ind2=" ">
   <subfield code="5">(DE-627)</subfield>
  </datafield>
  <datafield tag="700" ind1="1" ind2=" ">
   <subfield code="a">Aubert, Marcel</subfield>
   <subfield code="d">1884-1962</subfield>
   <subfield code="e">Hrsg.</subfield>
   <subfield code="0">(DE-588)142618276</subfield>
   <subfield code="0">(DE-627)638042968</subfield>
   <subfield code="0">(DE-576)33239655X</subfield>
   <subfield code="4">edt</subfield>
  </datafield>
  <datafield tag="710" ind1="2" ind2=" ">
   <subfield code="a">International Committee on the History of Art</subfield>
   <subfield code="0">(DE-588)2014707-7</subfield>
   <subfield code="0">(DE-627)101840047</subfield>
   <subfield code="0">(DE-576)191688797</subfield>
   <subfield code="4">oth</subfield>
  </datafield>
  <datafield tag="787" ind1="0" ind2="8">
   <subfield code="i">Rezension:</subfield>
   <subfield code="a">Salet, Francis, 1909 - 2000</subfield>
   <subfield code="t">Marcel Aubert, Louis Grodecki, Les vitraux de Notre Dame et de la Sainte-Chapelle de Paris</subfield>
   <subfield code="d">Paris : Société Française d'Archéologie, 1959</subfield>
   <subfield code="h">S. 318f.</subfield>
   <subfield code="w">(DE-627)1532992378</subfield>
   <subfield code="w">(DE-576)462992373</subfield>
  </datafield>
  <datafield tag="787" ind1="0" ind2="8">
   <subfield code="i">Rezension:</subfield>
   <subfield code="a">Wentzel, Hans, 1913 - 1975</subfield>
   <subfield code="t">Marcel Aubert, Les vitraux de Notre Dame et de la Sainte-Chapelle de Paris</subfield>
   <subfield code="d">Nürnberg : Carl, 1960</subfield>
   <subfield code="h">S. 48-50</subfield>
   <subfield code="w">(DE-627)1539299805</subfield>
   <subfield code="w">(DE-576)469299800</subfield>
  </datafield>
  <datafield tag="787" ind1="0" ind2="8">
   <subfield code="i">Rezension:</subfield>
   <subfield code="a">Lafond, Jean, 1888 - 1975</subfield>
   <subfield code="t">Marcel Aubert, Les vitraux de Notre Dame et de la Sainte-Chapelle de Paris</subfield>
   <subfield code="d">Abingdon : Routledge, Taylor &amp; Francis Group, 1961</subfield>
   <subfield code="h">S. 271-274</subfield>
   <subfield code="w">(DE-627)153123805X</subfield>
   <subfield code="w">(DE-576)461238055</subfield>
  </datafield>
  <datafield tag="787" ind1="0" ind2="8">
   <subfield code="i">Rezensiert in</subfield>
   <subfield code="a">Wentzel, Hans, 1913 - 1975</subfield>
   <subfield code="t">[Rezension von: Marcel Aubert, Louis Grodecki, Jean Lafond, Jean Verrier, Les vitraux de Notre-Dame et de la Sainte Chapelle de Paris]</subfield>
   <subfield code="d">1960</subfield>
   <subfield code="w">(DE-627)1672824311</subfield>
  </datafield>
  <datafield tag="830" ind1=" " ind2="0">
   <subfield code="a">Corpus vitrearum - France</subfield>
   <subfield code="p">Vol. 1. Départment de la Seine ; 1</subfield>
   <subfield code="v">Vol. 1,1</subfield>
   <subfield code="9">1,1</subfield>
   <subfield code="w">(DE-627)1082351822</subfield>
   <subfield code="w">(DE-576)012351822</subfield>
   <subfield code="7">nm</subfield>
  </datafield>
  <datafield tag="936" ind1="r" ind2="v">
   <subfield code="a">LH 74000</subfield>
   <subfield code="b">Allgemeine geschichtliche Darstellungen, Abbildungswerke zur Glasfenstermalerei insgesamt, Theorie etc.</subfield>
   <subfield code="k">Kunstgeschichte</subfield>
   <subfield code="k">Allgemeines. Allgemeine Kunstgeschichte</subfield>
   <subfield code="k">Kunstgeschichte einzelner Gattungen der Kunst</subfield>
   <subfield code="k">Glasfenstermalerei</subfield>
   <subfield code="k">Allgemeine geschichtliche Darstellungen, Abbildungswerke zur Glasfenstermalerei insgesamt, Theorie etc.</subfield>
   <subfield code="0">(DE-627)1270637991</subfield>
   <subfield code="0">(DE-625)rvk/94940:</subfield>
   <subfield code="0">(DE-576)200637991</subfield>
  </datafield>
  <datafield tag="936" ind1="r" ind2="v">
   <subfield code="a">LM 88000</subfield>
   <subfield code="b">Allgemeine geschichtliche Darstellungen, Abbildungswerke</subfield>
   <subfield code="k">Kunstgeschichte</subfield>
   <subfield code="k">Kunst nach Ländern bzw. Kontinenten</subfield>
   <subfield code="k">Frankreich</subfield>
   <subfield code="k">Französische Kunstgeschichte nach Gattungen</subfield>
   <subfield code="k">Glasfenstermalerei</subfield>
   <subfield code="k">Allgemeine geschichtliche Darstellungen, Abbildungswerke</subfield>
   <subfield code="0">(DE-627)1271145405</subfield>
   <subfield code="0">(DE-625)rvk/101631:</subfield>
   <subfield code="0">(DE-576)201145405</subfield>
  </datafield>
  <datafield tag="951" ind1=" " ind2=" ">
   <subfield code="a">MV</subfield>
  </datafield>
  <datafield tag="990" ind1=" " ind2=" ">
   <subfield code="a">Sainte-Chapelle</subfield>
  </datafield>
  <datafield tag="990" ind1=" " ind2=" ">
   <subfield code="a">Glasmalerei</subfield>
  </datafield>
  <datafield tag="990" ind1=" " ind2=" ">
   <subfield code="a">Notre-Dame</subfield>
  </datafield>
  <datafield tag="990" ind1=" " ind2=" ">
   <subfield code="a">Glasmalerei</subfield>
  </datafield>
  <datafield tag="990" ind1=" " ind2=" ">
   <subfield code="a">Frankreich</subfield>
  </datafield>
  <datafield tag="990" ind1=" " ind2=" ">
   <subfield code="a">Glasmalerei</subfield>
  </datafield>
  <datafield tag="990" ind1=" " ind2=" ">
   <subfield code="a">Geschichte</subfield>
  </datafield>
  <datafield tag="991" ind1=" " ind2=" ">
   <subfield code="a">Rezensiertes Werk</subfield>
  </datafield>
  <datafield tag="999" ind1=" " ind2=" ">
   <subfield code="a">KXP-PPN1071184512</subfield>
   <subfield code="e">4077385954</subfield>
  </datafield>
 </record>
</collection>
